Library Banner
Normal view MARC view

Entry Topical Term

Number of records used in: 4

001 - CONTROL NUMBER

  • control field: 8400

003 - CONTROL NUMBER IDENTIFIER

  • control field: PK-LaUMT

005 - DATE AND TIME OF LATEST TRANSACTION

  • control field: 20251215101643.0

008 - FIXED-LENGTH DATA ELEMENTS

  • fixed length control field: 251215|| aca||aabn | a|a d

040 ## - CATALOGING SOURCE

  • Original cataloging agency: PK-LaUMT
  • Transcribing agency: PK-LaUMT

150 ## - HEADING--TOPICAL TERM

  • Topical term or geographic name as entry element: Accounting-Data processing-Automation

670 ## - SOURCE DATA FOUND

  • Source citation: Work cat.: (PK-LaUMT)139366: Rafay Ahmad 8399, The impact of CEO attributes on firm performance [ MS Accounting] :, 2025